زبدة اللبن : (رقم التسجيلة. 10599)

تفاصيل مارك
000 -الفاتح
عناصر البيانات ثابتة الطول 00781cam a2200205 i 4500
005 - تاريخ ووقت آخر معاملة
حقل ضبط 20260217115110.0
008 - عناصر البيانات ثابتة الطول
عناصر البيانات ثابتة الطول 250721s1988 ua gq 000 0 ara d
020 ## - الترقيم الدولي المعياري للكتب (ردمك)
الترقيم الدولي المعياري للكتب (ردمك) 9771422189
082 14 - رقم تصنيف ديوي العشري
رقم التصنيف 412.5
رقم المادة س ي و
100 1# - مدخل رئيسي – اسم شخصي
الاسم الشخصي السيوطي، جلال الدين
علاقة الشخص بالعمل/ دوره مؤلف.
245 10 - بيان العنوان
العنوان زبدة اللبن :
بقية العنوان فوائد لغوية وحديثية وطبية /
بيان المسؤولية لجلال الدين السيوطي ؛ تحقيق مرزوق علي ابراهيم.
264 31 - بيانات النشر، التوزيع…إلخ
مكان النشر، التوزيع...إلخ القاهرة :
اسم الناشر، الموزع...إلخ دار الأعتصام،
تاريخ النشر، التوزيع...إلخ 1988.
300 ## - الوصف المادي
عدد الوحدات المكونة للوعاء 109صفحة.
650 17 - مدخل إضافي بالموضوع - مصطلح موضوعي
مصطلح موضوعي أو اسم جغرافي كعنصر مدخل اللغة العربية.
650 17 - مدخل إضافي بالموضوع - مصطلح موضوعي
مصطلح موضوعي أو اسم جغرافي كعنصر مدخل الإشتقاق.
650 17 - مدخل إضافي بالموضوع - مصطلح موضوعي
مصطلح موضوعي أو اسم جغرافي كعنصر مدخل الطب الشعبي.
700 1# - مدخل إضافي - اسم شخصي
الاسم الشخصي إبراهيم، مرزوق علي
علاقة الشخص بالعمل/ دوره تحقيق.
942 ## - بيانات إضافية (كوها)
نوع التنصيف Dewey Decimal Classification
نوع المادة (كوها) كتب
المقتنيات
حالة السحب حالة الفقدان مصدر التصنيف حالة التلف غير قابل للإعارة المكتبة الرئيسية المكتبة الحالية موقع الرف تاريخ التزويد الرقم المتسلسل Total Checkouts رقم الإستدعاء الباركود تاريخ آخر ظهور تاريخ الفاتورة نوع المادة (كوها)
    Dewey Decimal Classification     المكتبة المركزية المكتبة المركزية الإعارة 06/07/2004 183915   412.5/ س ي و 183915 28/07/2025 06/07/2004 كتب
    Dewey Decimal Classification     مكتبة الحسن العامة مكتبة الحسن العامة الإعارة 06/07/2004 4951   412.5/سيو DUP-01_4951 28/07/2025 06/07/2004 كتب
Implemented & Customized by: BBB with SCIT (Smart Chains for Information Technology)

Powered by Koha